00279cam a22000977a 4500008003600000082002600036245004100062260004200103300001800145650001800163180718b xxu||||| |||| 00| 0 eng d aT465106x73 R591a/1970 aPresident's review and annual review aNew YorkbThe Rockseller Foundationc axxviii, 229p. aAnnual review